<?xml version="1.0" encoding="UTF-8"?>
<record
    xmlns:xsi="http://www.w3.org/2001/XMLSchema-instance"
    xsi:schemaLocation="http://www.loc.gov/MARC21/slim http://www.loc.gov/standards/marcxml/schema/MARC21slim.xsd"
    xmlns="http://www.loc.gov/MARC21/slim">

  <leader>00807nam a2200205Ia 4500</leader>
  <controlfield tag="003">OSt</controlfield>
  <controlfield tag="005">20250305151807.0</controlfield>
  <controlfield tag="008">210210b1996   xxu||||| |||| 00| 0 eng d</controlfield>
  <datafield tag="040" ind1=" " ind2=" ">
    <subfield code="c">AL</subfield>
  </datafield>
  <datafield tag="041" ind1=" " ind2=" ">
    <subfield code="a">Kannada</subfield>
  </datafield>
  <datafield tag="082" ind1=" " ind2=" ">
    <subfield code="a">398.2K VIVY</subfield>
  </datafield>
  <datafield tag="100" ind1=" " ind2=" ">
    <subfield code="a">VIVEKA RAI (B A).</subfield>
    <subfield code="9">142782</subfield>
    <subfield code="d">&#xCB5;&#xCBF;&#xCB5;&#xCC7;&#xC95; &#xCB0;&#xCC8; (&#xCAC;&#xCBF; &#xC8E;) </subfield>
  </datafield>
  <datafield tag="245" ind1=" " ind2=" ">
    <subfield code="a">Yakshagana prasanga samputa: hattu aprakatita yakshagana prasangagala samagra samputa.</subfield>
    <subfield code="b">&#xCAF;&#xC95;&#xCCD;&#xCB7;&#xC97;&#xCBE;&#xCA8; &#xCAA;&#xCCD;&#xCB0;&#xCB8;&#xC82;&#xC97; &#xCB8;&#xC82;&#xCAA;&#xCC1;&#xC9F; : &#xCB9;&#xCA4;&#xCCD;&#xCA4;&#xCC1; &#xC85;&#xCAA;&#xCCD;&#xCB0;&#xC95;&#xC9F;&#xCBF;&#xCA4; &#xCAF;&#xC95;&#xCCD;&#xCB7;&#xC97;&#xCBE;&#xCA8; &#xCAA;&#xCCD;&#xCB0;&#xCB8;&#xC82;&#xC97;&#xC97;&#xCB3; &#xCB8;&#xCAE;&#xC97;&#xCCD;&#xCB0; &#xCB8;&#xC82;&#xCAA;&#xCC1;&#xC9F;</subfield>
  </datafield>
  <datafield tag="260" ind1=" " ind2=" ">
    <subfield code="a">Mangaluru.</subfield>
    <subfield code="b">Kannada Vibhaga, Mangaluru Vishwavidyanilaya.,</subfield>
    <subfield code="c">1996</subfield>
  </datafield>
  <datafield tag="300" ind1=" " ind2=" ">
    <subfield code="a">506</subfield>
  </datafield>
  <datafield tag="650" ind1=" " ind2=" ">
    <subfield code="a">Yakshagana </subfield>
    <subfield code="9">142783</subfield>
  </datafield>
  <datafield tag="690" ind1=" " ind2=" ">
    <subfield code="a">Yakshagana</subfield>
    <subfield code="9">142784</subfield>
  </datafield>
  <datafield tag="906" ind1=" " ind2=" ">
    <subfield code="a">053923</subfield>
  </datafield>
  <datafield tag="942" ind1=" " ind2=" ">
    <subfield code="2">ddc</subfield>
    <subfield code="c">BK</subfield>
  </datafield>
  <datafield tag="999" ind1=" " ind2=" ">
    <subfield code="c">101852</subfield>
    <subfield code="d">101852</subfield>
  </datafield>
  <datafield tag="952" ind1=" " ind2=" ">
    <subfield code="0">0</subfield>
    <subfield code="1">0</subfield>
    <subfield code="2">ddc</subfield>
    <subfield code="4">0</subfield>
    <subfield code="7">0</subfield>
    <subfield code="8">SOC</subfield>
    <subfield code="a">AL</subfield>
    <subfield code="b">AL</subfield>
    <subfield code="d">2021-02-17</subfield>
    <subfield code="e">Athree Book Centre, Mangalore-01.</subfield>
    <subfield code="g">100.00</subfield>
    <subfield code="l">0</subfield>
    <subfield code="o">398.2K VIVY</subfield>
    <subfield code="p">053923</subfield>
    <subfield code="r">2021-02-17 00:00:00</subfield>
    <subfield code="w">2021-02-17</subfield>
    <subfield code="y">BK</subfield>
  </datafield>
  <datafield tag="952" ind1=" " ind2=" ">
    <subfield code="0">0</subfield>
    <subfield code="1">0</subfield>
    <subfield code="2">ddc</subfield>
    <subfield code="4">0</subfield>
    <subfield code="7">0</subfield>
    <subfield code="8">SOC</subfield>
    <subfield code="a">AL</subfield>
    <subfield code="b">AL</subfield>
    <subfield code="d">2021-02-17</subfield>
    <subfield code="e">Athree Book Centre, Mangalore-01.</subfield>
    <subfield code="g">100.00</subfield>
    <subfield code="l">0</subfield>
    <subfield code="o">398.2K VIVY</subfield>
    <subfield code="p">054263</subfield>
    <subfield code="r">2021-02-17 00:00:00</subfield>
    <subfield code="w">2021-02-17</subfield>
    <subfield code="y">BK</subfield>
  </datafield>
</record>
